Types of Dairy products - Statistics

General Stats
  • This quiz has been taken 242 times
  • The average score is 7 of 11
Answer Stats
Picture Answer % Correct
Milk
100%
Ice Cream
97%
Cheese
95%
Butter
94%
Yogurt
88%
Cottage Cheese
59%
Whipped Cream
41%
Pudding
35%
Custard
31%
Condensed Milk
26%
Cream Cheese
21%
No matching quizzes found
Score Distribution
Percent of People with Each Score
Percentile by Number Answered
Your Score History
You have not taken this quiz